| 000 | 00957nam a2200289 i 4500 | ||
|---|---|---|---|
| 001 | 31184 | ||
| 003 | BD-RjUL | ||
| 005 | 20211209051653.0 | ||
| 008 | 140413t1962 enk b 001 0 eng d | ||
| 035 | _a(BD-RjUL)31271 | ||
| 040 |
_aXBM _cXBM _dEQO _dBD-RjUL _beng |
||
| 041 | _aeng | ||
| 082 | 0 | 4 |
_a270 _bVIC 1962 |
| 090 |
_aBR475 _b.V5 1962 |
||
| 100 | 1 |
_aVidler, Alexander Roper, _d1899-1991. _994835 |
|
| 245 | 1 | 4 |
_aThe Church in an age of revolution : _b1789 to the present day / _cAlec R. Vidler |
| 260 |
_aLondon : _bHodder and Stoughton, _c1962. |
||
| 300 |
_a287 p. ; _c21 cm |
||
| 490 | 1 |
_aPelican history of the church ; _vv.5 |
|
| 500 | _aOriginally published : Harmondsworth : Penguin, 1961 | ||
| 504 | _aincludes Bibliographical reference and index. | ||
| 650 | 0 |
_aChurch history _yModern period, 1500- _977743 |
|
| 830 | 0 |
_vv.5 _994841 |
|
| 830 | 0 |
_aPelican history of the church ; _994842 |
|
| 942 |
_2ddc _cBK |
||
| 999 |
_c31184 _d31184 |
||